Statistics for WSOP Bracelet Winners All Time 1970-2002 Part 1 (Pre-Boom)

Click here to take the quiz!

General Stats

  • This quiz has been taken 13 times
  • The average score is 104 of 493

Answer Stats

YearGameAnswer% Correct
1998Limit RazzDoyle Brunson
100%
1976NLHE MEDoyle Brunson
100%
1991NLHEDoyle Brunson
100%
1979Mixed Doubles 7 StudDoyle Brunson
100%
1976NL 2-7 Draw LowballDoyle Brunson
100%
1978Limit 7 StudDoyle Brunson
100%
1977NLHE MEDoyle Brunson
100%
1977Limit 7 Stud H/LDoyle Brunson
100%
1993NLHEPhil Hellmuth
100%
1997Pot Limit HEPhil Hellmuth
100%
1993Limit HEPhil Hellmuth
100%
1993NLHEPhil Hellmuth
100%
1989NLHE MEPhil Hellmuth
100%
2001NLHEPhil Hellmuth
100%
1992Limit HEPhil Hellmuth
100%
1981NL 2-7 Draw LowballStu Ungar
100%
1997NLHE MEStu Ungar
100%
1981NLHE MEStu Ungar
100%
1980NLHE MEStu Ungar
100%
1983Limit 7 StudStu Ungar
100%
1990PLOAmarillo Slim Preston
91%
1985PLO RebuyAmarillo Slim Preston
91%
1972NLHE MEAmarillo Slim Preston
91%
1974NLHEAmarillo Slim Preston
91%
2002HU NLHEJohnny Chan
91%
1997NL 2-7 Draw LowballJohnny Chan
91%
1985Limit HEJohnny Chan
91%
1987NLHE MEJohnny Chan
91%
2000PLOJohnny Chan
91%
1994Limit 7 StudJohnny Chan
91%
1988NLHE MEJohnny Chan
91%
1996Limit HETony Ma
91%
2000Limit HETony Ma
91%
2001NLHE MECarlos Mortensen
82%
1998Pot Limit HEDaniel Negreanu
82%
1996NLHE MEHuck Seed
82%
2000Limit RazzHuck Seed
82%
1994PLOHuck Seed
82%
1988Limit A-5 Draw LowballJohnny Moss
82%
1981Limit 7 Stud H/LJohnny Moss
82%
1979Limit 7 StudJohnny Moss
82%
1970NLHE MEJohnny Moss
82%
1974NLHE MEJohnny Moss
82%
1971Limit A-5 Draw LowballJohnny Moss
82%
1971NLHE MEJohnny Moss
82%
1976Limit 7 StudJohnny Moss
82%
1975Limit 7 StudJohnny Moss
82%
1995Limit HEMen Nguyen
82%
1992Limit 7 StudMen Nguyen
82%
1996Limit Omaha H/LMen Nguyen
82%
1995Limit 7 Stud H/lMen Nguyen
82%
2001Limit Omaha H/LScotty Nguyen
82%
2001PLOScotty Nguyen
82%
1997Limit Omaha H/LScotty Nguyen
82%
1998NLHE MEScotty Nguyen
82%
2000Limit 7 StudChris Ferguson
73%
2001Limit Omaha H/LChris Ferguson
73%
2000NLHE MEChris Ferguson
73%
1995NLHEDan Harrington
73%
1995NLHE MEDan Harrington
73%
1994Limit HEErik Seidel
73%
2001NLHEErik Seidel
73%
1992Limit HEErik Seidel
73%
1993Limit Omaha H/LErik Seidel
73%
1998NL 2-7 Draw LowballErik Seidel
73%
1999NLHEMike Matusow
73%
2002Limit Omaha H/LMike Matusow
73%
2002Limit S.H.O.E.Phil Ivey
73%
2002Limit 7 StudPhil Ivey
73%
2000PLOPhil Ivey
73%
2002Limit 7 Stud H/LPhil Ivey
73%
1990Limit HEBerry Johnston
64%
1995Limit OmahaBerry Johnston
64%
1986NLHE MEBerry Johnston
64%
1983Heads Up NLHEBerry Johnston
64%
2001Limit RazzBerry Johnston
64%
1979NL 2-7 Draw LowballBobby Baldwin
64%
1978NLHE MEBobby Baldwin
64%
1977Limit 7 Stud RebuyBobby Baldwin
64%
1977NL 2-7 Draw LowballBobby Baldwin
64%
1982Limit 7 StudChip Reese
64%
1978Limit 7 Stud H/LChip Reese
64%
1976Limit 7 StudDoc Greene
64%
1979NLHE Non-ProPerry Green
64%
1976Limit A-5 Draw LowballPerry Green
64%
1977Limit A-5 Draw LowballPerry Green
64%
1984NLHE MEJack Keller
55%
1984Limit 7 StudJack Keller
55%
1993Limit OmahaJack Keller
55%
1994Limit Omaha H/LJC Pearson
55%
1973Limit 7 StudPuggy Pearson
55%
1973NLHE MEPuggy Pearson
55%
1971Limit 7 StudPuggy Pearson
55%
1973NLHEPuggy Pearson
55%
2002NLHE MERobert Varkonyi
55%
1992Limit OmahaTom McEvoy
55%
1983Limit HETom McEvoy
55%
1983NLHE METom McEvoy
55%
1986Limit RazzTom McEvoy
55%
1985NLHE MEBill Smith
45%
1974NL 2-7 Draw LowballBryan Roberts
45%
1975NLHE MEBryan Roberts
45%
2001NL 2-7 Draw LowballHoward Lederer
45%
2000Limit Omaha H/lHoward Lederer
45%
1997Limit RazzLinda Johnson
45%
2001Limit 7 StudAdam Roberts
36%
1992NLHE MEHamid Dastmalchi
36%
1986NLHEHamid Dastmalchi
36%
1982NLHE MEJack Strauss
36%
1999Pot Limit HELayne Flack
36%
2002NLHELayne Flack
36%
2002NLHELayne Flack
36%
1990NLHE MEMansour Matloubi
36%
2002Limit HEMeng La
36%
1996PLOSammy Farha
36%
2002NL 2-7 Draw LowballAllen Cunningham
27%
2001Limit 7 StudAllen Cunningham
27%
1991PLOAn Tran
27%
1973Limit 5 StudBill Boyd
27%
1974Limit 5 StudBill Boyd
27%
1972Limit 5 StudBill Boyd
27%
1971Limit 5 StudBill Boyd
27%
1975NL 2-7 Draw LowballBilly Baxter
27%
1987NL 2-7 Draw Lowball RebuyBilly Baxter
27%
1993NL 2-7 Draw LowballBilly Baxter
27%
1978NL 2-7 Draw LowballBilly Baxter
27%
1982NL 2-7 Draw LowballBilly Baxter
27%
2002Limit RazzBilly Baxter
27%
1982NL A-5 Draw LowballBilly Baxter
27%
2002Ladies Limit HE & 7 StudCatherine Brown
27%
1986PLO RebuyDavid Baxter
27%
1983NLHEDavid Baxter
27%
1998Limit HEDavid Chiu
27%
2000Limit 7 StudDavid Chiu
27%
1984NL 2-7 Draw LowballDewey Tomko
27%
1979NLHEDewey Tomko
27%
1984PLO RebuyDewey Tomko
27%
1988Limit RazzDon Williams
27%
1982Limit 7 StudDon Williams
27%
1985Limit 7 StudDon Williams
27%
1996NL 2-7 Draw LowballFreddy Deeb
27%
1979NLHE MEHal Fowler
27%
1993Pot Limit HEHamid Dastmalchi
27%
2002PLOJan Hansen
27%
2000NL 2-7 Draw LowballJen Harman
27%
2002Limit HEJen Harman
27%
1993NLHE MEJim Bechtel
27%
2002Limit A-5 Triple DrawJohn Juanda
27%
1978Ladies 7 StudTerry King
27%
2002NL 2-7 Draw LowballThor Hansen
27%
1988Limit 7 StudThor Hansen
27%
1994Ladies Limit 7 StudBarbara Enright
18%
1986Ladies Limit 7 StudBarbara Enright
18%
1996Pot Limit HEBarbara Enright
18%
2001Limit 7 Stud H/LBarry Shulman
18%
1992PLOBilly Thomas
18%
1991NLHE MEBrad Daugherty
18%
1983NLHEBuster Jackson
18%
1993Limit A-5 Draw LowballChau Giang
18%
1998Limit Omaha H/LChau Giang
18%
1997PLODave Ulliot
18%
1996Limit HEDavid Chiu
18%
1980NLHEGene Fisher
18%
1993Limit 7 Stud H/LGene Fisher
18%
1985Limit 7 StudHarry Thomas Jr
18%
2000Limit 7 StudJerri Thomas
18%
1999Limit HEJosh Arieh
18%
1999NLHE MENoel Furlong
18%
1999Limit RazzPaul Clark
18%
1992Limit 7 StudPaul Clark
18%
2002Limit 7 Stud H/LPaul Clark
18%
1985NLHERick Hamil
18%
1994NLHE MERuss Hamilton
18%
1995Chinese Poker RebuySteve Zolotow
18%
2001Pot Limit HESteve Zolotow
18%
1933Limit 7 StudTed Forrest
18%
1993Limit RazzTed Forrest
18%
1993Limit Omaha H/LTed Forrest
18%
1986Limit 7 Stud H/LTommy Fischer
18%
1985NL 2-7 Draw LowballTommy Fischer
18%
1996Pot Limit HEAl Krux
9%
1991NLHEBrent Carter
9%
1994Limit OmahaBrent Carter
9%
2001Pot Limit HEBurt Boutin
9%
1983Ladies Limit 7 StudCarolyn Gardner
9%
2000NLHEChris Bjorin
9%
1997PLOChris Bjorin
9%
1982Mixed Doubles 7 StudDani Kelly
9%
1999Limit 7 StudDavid Grey
9%
1998PLO RebuyDonnacha O'Dea
9%
1977Limit 7 Stud H/LFats Morgan
9%
1996Limit 7 Stud H/LFrank Thompson
9%
1978Limit A-5 Draw LowballHenry Young
9%
1992PLOHoyt Corkins
9%
1993PLOHumberto Brenes
9%
1993Limit HEHumberto Brenes
9%
1994Pot Limit HEJay Heimowitz
9%
2001NLHEJay Heimowitz
9%
2000Limit HEJay Heimowitz
9%
1975NLHEJay Heimowitz
9%
1991PLOJay Heimowitz
9%
1986Limit HEJay Heimowitz
9%
2001Limit HEJim Lester
9%
1974Limit 7 StudJimmy Casella
9%
1974Limit RazzJimmy Casella
9%
1971Limit RazzJimmy Casella
9%
1996NLHEJohn Morgan
9%
1978Limit Draw HighLakewood Louie
9%
1979Limit Draw HighLakewood Louie
9%
1980Limit RazzLakewood Louie
9%
1979Limit A-5 Draw LowballLakewood Louie
9%
1989Limit 7 StudMel Judah
9%
1997Limit 7 StudMel Judah
9%
1988Limit 7 StudMerrill Hunt
9%
1981NL A-5 Draw LowballMichael Perry
9%
1992NL 2-7 Draw LowballMickey Appleman
9%
1980Limit 7 Stud H/LMickey Appleman
9%
1995Limit HEMickey Appleman
9%
1989Limit 7 Stud H/LMike Sexton
9%
1982Limit RazzNick Helm
9%
2001Limit 7 StudPaul Darden
9%
2002Limit Omaha H/LPerry Friedman
9%
1993Ladies Limit 7 StudPhyllis Kessler
9%
2002PLORobert Williamson III
9%
1994Limit 7 StudRoger Moore
9%
1986NL 2-7 Draw Lowball RebuyRonald Graham
9%
1991Limit HERon Stanley
9%
1994Pot Limit HETJ Cloutier
9%
1998PLOTJ Cloutier
9%
1994Limit Omaha H/LTJ Cloutier
9%
1987Limit OmahaTJ Cloutier
9%
1999Limit OmahaTom Franklin
9%
1996Limit Omaha H/LAdeeb Harb
0%
1980Mixed Doubles NLHEAJ Myers
0%
1981Limit 7 StudAJ Myers
0%
1990NLHEAllen Baker
0%
1989Ladies Limit 7 StudAlma McClelland
0%
1995Limit 7 StudAnthony DeAngelo
0%
1987Limit 7 StudArtie Cobb
0%
1998Limit 7 StudArtie Cobb
0%
1983Limit 7 Stud H/LArtie Cobb
0%
1991Limit 7 StudArtie Cobb
0%
1973NL 2-7 Draw LowballAubrey Day
0%
1978NLHEAubrey Day
0%
1979Ladies 7 StudBarbara Freer
0%
1984PLO RebuyBill Bennett
0%
1998Limit 7 Stud H/LBill Gempel
0%
2002Seniors NLHEBill Swan
0%
1977Limit A-5 Draw LowballBilly Allen
0%
1989PLOBlacky Blackburn
0%
1992Limit HEBob Abell
0%
1987Limit A-5 Draw LowballBob Addison
0%
1984Limit HEBobby Martinez
0%
1980Limit 7 StudBobby Schwing
0%
1989NL 2-7 Draw Lowball RebuyBob Stupak
0%
1997Limit HEBob Veltri
0%
1981Limt RazzBruce Hershenson
0%
1991Limit HEByron Wolford
0%
1987Limit RazzCarl Rouss
0%
1991Limit RazzCharles Wight
0%
1999Limit HECharlie Brahmi
0%
1995Limit HEChristian Van Hees
0%
1999Ladies Limit 7 StudChristina Pie
0%
2000Limit HEChris Tsiprallidis
0%
1997Limit OmahaClaude Cohen
0%
1995Limit A-5 Draw LowballClifford Roof
0%
2001Limit A-5 Draw LowballCliff Yamagawa
0%
1992Limit A-5 Draw LowballDal Derovin
0%
2002Limit HE & 7 StudDan Heimiller
0%
2002Limit 7 StudDaniel Torla
0%
1995Limit 7 StudDan Robison
0%
2000Limit HE - Casino EmployeesDave Alizadeth
0%
1983NL A-5 Draw Lowball W/ JokerDavid Angel
0%
1988Limit OmahaDavid Helms
0%
2001Limit S.H.O.E.David Pham
0%
1982Limit Draw HighDavid Sklansky
0%
1982Mixed Doubles 7 StudDavid Sklansky
0%
1983Limit OmahaDavid Sklansky
0%
2002Limit HE Casino EmployeesDavid Warga
0%
1997Limit Omaha H/LDean Stonier
0%
1980Ladies Limit 7 StudDeby Callihan
0%
1984NLHEDick Albano
0%
1985NL A-5 Draw LowballDick Carson
0%
2000NLHEDiego Cordovez
0%
1996Limit OmahaDody Roach
0%
1981NLHEDody Roach
0%
1989Limit 7 StudDon Holt
0%
1983Mixed Doubles Limit 7 StudDonna Doman
0%
1991Ladies Limit 7 StudDonna Ward
0%
1996Limit HEDonny Kerr
0%
1983Limit A-5 Draw LowballDon Todd
0%
1997Limit 7 Stud H/LDoug Saab
0%
1981Limit Draw HighEd Barmach
0%
2001Limit OmahaEduard Scharf
0%
2002Limit Omaha H/LEdward Fishman
0%
1985Limit RazzEdwin Wyde
0%
1999NLHEEli Balas
0%
1992Limit Omaha H/LEli Balas
0%
1999NLHEEric Holum
0%
1998Limit HEFarzad Bonyadi
0%
1981Mixed Doubles Limit 7 StudFrank Cardone
0%
1989PLO RebuyFrank Henderson
0%
2002Pot Limit HEFred Berger
0%
1981NLHE Non-ProFred David
0%
2001PLOGalen Kester
0%
1996Limit 7 StudGary Benson
0%
1979Limit 7 Stud H/LGary Berland
0%
1979Limit 7 StudGary Berland
0%
1978Limit RazzGary Berland
0%
1978Limit 7 StudGary Berland
0%
1977Limit RazzGary Berland
0%
1989Limit HEGeorge Allen Straw
0%
1977NLHEGeorge Huber
0%
1994NLHEGeorge Rodis
0%
1988PLO RebuyGilbert Gross
0%
1981Limit A-5 Draw LowballGlen Rodgers
0%
1996Chinese PokerGregory Grivas
0%
1987PLO RebuyHal Kant
0%
1996Limit A-5 Draw LowballHans Lund
0%
1978NLHE Non-ProHans Lund
0%
1989Limit A-5 Draw LowballHarry Madoff
0%
1999PLO RebuyHassan Kamoer
0%
2001Limit HEHemish Shah
0%
1996Limit 7 StudHenry Orenstein
0%
1995PLO RebuyHilbert Shirey
0%
1995Pot Limit HEHilbert Shirey
0%
1987NLHEHilbert Shirey
0%
1976NLHE Non-ProHoward Andrew
0%
1976NLHEHoward Andrew
0%
1990Limit 7 StudHugh Todd
0%
1993Limit HEHugo Mieth
0%
2000Limit OmahaIvo Donev
0%
2002PLOJack Duncan
0%
1977Ladies 7 StudJackie McDaniel
0%
1986Limit OmahaJames Allen
0%
2000Pot Limit HEJames Athanas
0%
1998Limit 7 StudJan Chen
0%
2002Pot Limit HEJay Sipelstein
0%
1986Limit A-5 Draw LowballJB Randall
0%
1998NLHEJeff Ross
0%
1977Limit 7 StudJeff Sandow
0%
1987Limit 7 StudJim Craig
0%
1982NLHEJim Doman
0%
1983Mixed Doubles Limit 7 StudJim Doman
0%
1996Chinese PokerJim Fieldhouse
0%
1980Limit A-5 Draw LowballJim Fugatti
0%
1996PLO RebuyJim Huntley
0%
1994Limit A-5 Draw LowballJJ Chun
0%
1973Limit A-5 Draw LowballJoe Bernstein
0%
2002Limit HE ShootoutJoel Chaseman
0%
1987Limit 7 Stud H/LJoe Petro
0%
1990NL 2-7 Draw LowallJohn Bonetti
0%
1995NL 2-7 Draw Lowball RebuyJohn Bonetti
0%
1993Pot Limit HEJohn Bonetti
0%
1997NLHEJohn Cernuto
0%
1996Limit 7 Stud H/LJohn Cernuto
0%
2002Limit OmahaJohn Cernuto
0%
1999Limit HEJohn Esposito
0%
1994NLHEJohn Heaney
0%
2002Limit 7 Stud H/LJohn Hennigan
0%
2002Limit HEJohn Hom
0%
1989Limit RazzJohn Laudon
0%
1985Limit 7 Stud H/LJohn Lukas
0%
1983Limit RazzJohn Lukas
0%
2002Pot Limit HEJohn McIntosh
0%
1982Limit HEJohn Paquette
0%
1991NL 2-7 Draw LowballJohn Spadavecchia
0%
1995Chinese PokerJohn Tsagaris
0%
1991Limit OmahaJoseph Becker
0%
2000Limit 7 Stud H/lJoseph Wynn
0%
1981Mixed Doubles Limit 7 StudJuanda Matthews
0%
1982Ladies Limit 7 StudJune Field
0%
1984Ladies Limit 7 StudKaren Wolfson
0%
1998NLHEKen Buntjer
0%
1992Pot Limit HEKen Duggan
0%
1983Limit 7 StudKen Flaton
0%
1997Limit HEKevin Song
0%
1998Limit 7 StudKirk Morrison
0%
1992Limit RazzLamar Hampton
0%
1988Limit 7 Stud H/LLance Hilt
0%
1992NLHELance Straughn
0%
1987Ladies Limit 7 StudLinda Ryke Drucker
0%
1988Ladies Limit 7 StudLoretta Huber
0%
1997Limit HELouis Asmo
0%
1992Pot Limit HELouis Bonnecaze
0%
1993PLOLouis Bonnecaze
0%
1977NLHELouis Hunsaker
0%
1989Limit OmahaLyle Berman
0%
1994NL 2-7 Draw LowallLyle Berman
0%
1992NLHELyle Berman
0%
1980Mixed Doubles NLHELynn Harvey
0%
1997Limit 7 StudMaria Stern
0%
1990Ladies Limit 7 StudMarie Gabert
0%
1985Limit A-5 Draw LowballMark Mitchell
0%
1995Limit Omaha H/LMarlon Santos
0%
1993Limit 7 StudMarty Sigel
0%
1996Limit 7 StudMarty Sigel
0%
1997PLO RebuyMatthias Rohnacher
0%
1991Limit HEMax Linder
0%
1997Limit 7 Stud H/LMax Stern
0%
1995Limit Omaha H/LMax Stern
0%
1997NLHEMax Stern
0%
1996NLHEMel Wiener
0%
1998Ladies 7 StudMendy Commanda
0%
1981Limit 7 StudMichael Gamerman
0%
1998Limit OmahaMichael Shadkin
0%
2000Limit Omaha H/LMichael Sohayegh
0%
1995Limit RazzMickey Sisskind
0%
2000Pot Limit HEMike Carson
0%
1986NL A-5 Draw W/Joker RebuyMike Cox
0%
1994Limit RazzMike Hart
0%
1984Limit RazzMike Harthcock
0%
1990Limit HEMike Harthcock
0%
1991Limit 7 Stud H/LMike Harthcock
0%
1994Limit HEMike Laing
0%
2002Limit HEMike Majerus
0%
1984Limit 7 StudMike Schnieberg
0%
1999Limit Omaha H/LMike Wattel
0%
1990Limit Omaha H/LMonte Kouz
0%
2001Limit HENani Dollison
0%
2000Ladies Limit HE & 7 StudNani Dollison
0%
2001Ladies Limit HE & 7 StudNani Dollison
0%
2000Limit Omaha H/LNat Koe
0%
1984Limit 7 Stud H/LNorman Berliner
0%
1990Limit 7 Stud H/LNorman Boulus
0%
1989NLHENorman Keyser
0%
1994PLOO'Neil Longson
0%
1980Limit Draw HighPat Callihan
0%
1998Limit HEPatrick Bruel
0%
1991Limit A-5 Draw LowballPatrick Flanagan
0%
1984Limit A-5 Draw LowballPaul Fontaine
0%
1991Limit OmahaPaul Heinrich
0%
1998Limit Omaha H/LPaul Rowe
0%
1980Limit 7 StudPete Christ
0%
1995Pot Limit HEPete Vilandos
0%
1995PLO RebuyPhil Earle
0%
1990Limit A-5 Draw LowballPhil Reher
0%
2002Limit 7 StudQushqar Morad
0%
1987NLHERalph Morton
0%
1982NLHE Non-ProRalph Morton
0%
2002NLHERandall Heeb
0%
2000Limit 7 Stud H/LRandy Holland
0%
1996Limit RazzRandy Holland
0%
1992Limit 7 StudRay Rumier
0%
1990Limit RazzRay Rumler
0%
2000Limit A-5 Draw LowballRichard Dunberg
0%
1995NLHERichard Klamian
0%
1977Limit RazzRichard Schwartz
0%
1992Limit 7 Stud H/LRichard Steiner
0%
2001Limit 7 Stud H/LRich Korbin
0%
1980NLHERobert Bone
0%
2001Limit Omaha H/LRobert Slezak
0%
1993Limit 7 StudRobert Turner
0%
1994Limit 7 StudRod Pardey
0%
1991Limit 7 StudRod Pardey
0%
1995Limit 7 Stud H/LRod Peate
0%
1999Limit 7 Stud H/LRonald Long
0%
1985Ladies Limit 7 StudRose Pifer
0%
1988NLHERussell Gibe
0%
1981Ladies 7 StudRuth Godfrey
0%
1975Limit RazzSam Angel
0%
1973Limit RazzSam Angel
0%
19867 StudSam Mastrogiannis
0%
1986Limit 7 StudSam Mastrogiannis
0%
1979Limit RazzSam Mastrogiannis
0%
1984Casino Empoyee's NLHESandy Stupak
0%
1980NL 2-7 Draw Lowball RebuySarge Ferris
0%
1988NL 2-7 Draw Lowball RebuySeymour Leibowitz
0%
1992Ladies Limit 7 StudShari Flanzer
0%
1990PLOShawqi Shunnarah
0%
1995Ladies Limit 7 StudStarla Brodie
0%
1979Mixed Doubles 7 StudStarla Brodie
0%
1999Limit Omaha H/LSteve Badger
0%
1998Pot Limit HESteve Rydel
0%
1994Limit HESteve Sim
0%
1997Ladies Limit 7 StudSusie Isaacs
0%
1996Ladies Limit 7 StudSusie Isaacs
0%
1989Limit HEThomas Chung
0%
1991Limit 7 StudThomas Chung
0%
1984NLHETodd Baur
0%
1982Limit 7 Stud H/LTom Cress
0%
1998Limit 7 Stud H/LTommy Hufnagle
0%
1990Limit OmahaTony Stormsand
0%
1985Limit OmahaTony Thang
0%
2001Limit HE Casino EmployeesTravis Jonas
0%
1988Limit HEVal Carpenter
0%
1995Limit 7 StudValter Farina
0%
1990Limit 7 StudVasili Lazarou
0%
1997Limit 7 StudVasilis Lazarou
0%
1982Limit A-5 Draw LowballVera Richmond
0%
1994Limit 7 Stud H/LVince Burgio
0%
1976Limit 7 StudWalter Smiley
0%
1985PLO RebuyZorn Venture
0%

Score Distribution

Percentile by Number Answered

Percent of People with Each Score

Your Score History

You have not taken this quiz